000 03821nam a2200373 4500
001 OTLid0000652
003 MnU
005 20201105133349.0
006 m o d s
008 190117s2018 mnu o 0 0 eng d
020 _a
040 _aMnU
_beng
_cMnU
050 4 _aP91.3
100 1 _aWesolek, Andrew
_eauthor
245 0 0 _aOER
_bA Field Guide for Academic Librarians
_cAndrew Wesolek
264 2 _bOpen Textbook Library
264 1 _bPacific University Press
300 _a1 online resource
490 0 _aOpen textbook library.
505 0 _aSection 1: The Case for OER -- Stakes and Stakeholders: Open Educational Resources - Framing the Issues -- What Does the Research Say About OER? -- Section 2: The Pedagogical Implications of OER -- From Textbook Affordability to Transformative Pedagogy: Growing an OER Community -- Creating Opportunities in Open Education: An Exploration of the Intersections of Information Literacy and Scholarly Communication -- Experiential Learning and Open Education: Partnering with Students to Evaluate OER Accessibility -- Course Material Decisions and Factors: Unpacking the Opaque Box -- An Open Athenaeum: Creating an Institutional Home for Open Pedagogy -- Section 3: OER Advocacy, Partnerships, Sustainability, and Student Engagement -- Open Partnerships: Identifying and Recruiting Allies for Open Educational Resources Initiatives -- Getting to Know You: How We Turned Community Knowledge into Open Advocacy -- Advancing Access for First-Generation College Students: OER Advocacy at UT San Antonio -- Student-Driven OER: Championing the Student Voice in Campus-Wide Efforts -- From Conversation to Cultural Change: Strategies for Connecting with Students and Faculty to Promote OER Adoption -- Making the Connections: The Role of Professional Development in Advocating for OER -- Advocacy in OER: A Statewide Strategy for Building a Sustainable Library Effort -- Interinstitutional Collaborations to Forge Intracampus Connections: A Case Study from the Duke Endowment Libraries -- Section 4: Library-Supported Adoption and Creation Programs -- Seeking Alternatives to High-Cost Textbooks: Six Years of The Open Education Initiative at the University of Massachusetts Amherst -- From Start-Up to Adolescence: University of Oklahoma's OER Efforts -- A Grassroots Approach to OER Adoption: The University of Saskatchewan Experience -- Bringing OER to the Liberal Arts: An Innovative Grant Program -- Transforming Publishing with a Little Help From Our Friends: Supporting an Open Textbook Pilot Project with Friends of the Libraries Grant Funding -- Closing Reflections
520 0 _aWe intend this book to act as a guide writ large for would-be champions of OER, that anyone-called to action by the example set by our chapter authors-might serve as guides themselves. The following chapters tap into the deep experience of practitioners who represent a meaningful cross section of higher education institutions in North America. It is our hope that the examples and discussions presented by our authors will facilitate connections among practitioners, foster the development of best practices for OER adoption and creation, and more importantly, lay a foundation for novel, educational excellence.
542 1 _fAttribution
546 _aIn English.
588 0 _aDescription based on online resource
650 0 _aCommunication
_vTextbooks
700 1 _aLashley, Jonathan
_eauthor
700 1 _aLangley, Anne
_eauthor
710 2 _aOpen Textbook Library
_edistributor
856 4 0 _uhttps://open.umn.edu/opentextbooks/textbooks/652
_zAccess online version
999 _c20015
_d20015